000 00313nam a22001337a 4500
008 171113b xxu||||| |||| 00| 0 eng d
020 _a0314696431
041 _aeng
080 _22ND
_a331.101.262
100 _a52
101 _aBNJ
245 _aHUMAN RELATIONS IN ORGANIZATIONS
_cCOSTLEY,D.L
942 _2udc
_cBK
999 _c38268
_d38268